[Event "Pardubice op rapid 28th"]
[Site "Pardubice"]
[Date "2017.07.20"]
[Round "9"]
[White "Zverina, Jan"]
[Black "Tomek, Karel"]
[Result "1/2-1/2"]
[WhiteElo "1888"]
[BlackElo "1764"]
[PlyCount "118"]
[EventDate "2017.07.19"]
[EventType "swiss (rapid)"]
[EventRounds "9"]
[EventCountry "CZE"]
[SourceTitle "CBM 179 Extra"]
[Source "ChessBase"]
[SourceDate "2017.08.23"]
[SourceVersion "1"]
[SourceVersionDate "2017.08.23"]
[SourceQuality "1"]

1. e4 c5 2. c3 Nc6 3. d4 cxd4 4. cxd4 d5 5. exd5 Qxd5 6. Nc3 Qxd4 7. Be3 Qxd1+ 8. Rxd1 Bd7 9. Nb5 Rc8 10. Nxa7 Nxa7 11. Bxa7 e5 12. a3 Ba4 13. b3 Bc6 14. Nf3 f6 15. Bc4 Be7 16. 0-0 Rd8 17. Bb6 Rxd1 18. Rxd1 Nh6 19. Nh4 g6 20. a4 Nf7 21. b4 Bxb4 22. a5 Ke7 23. a6 bxa6 24. Bxa6 Rb8 25. Bc7 Ra8 26. Bc4 Nd6 27. Bb3 Rc8 28. Bb6 Bd7 29. h3 Be6 30. Bxe6 Kxe6 31. Nf3 Rc2 32. Ne1 Rc6 33. Ba7 Bc5 34. Bxc5 Rxc5 35. f3 h5 36. g3 Rc3 37. Kf2 e4 38. g4 hxg4 39. hxg4 exf3 40. Nxf3 Ne4+ 41. Ke2 Ra3 42. Rd8 f5 43. Re8+ Kf7 44. Rb8 fxg4 45. Ne5+ Kf6 46. Nxg4+ Kg5 47. Ne3 Ra6 48. Kf3 Nf6 49. Ng2 Ra3+ 50. Kf2 Ng4+ 51. Ke1 Ne3 52. Nxe3 Rxe3+ 53. Kf2 Re6 54. Rf8 Kg4 55. Kg2 Re2+ 56. Kf1 Ra2 57. Rg8 g5 58. Rg7 Kg3 59. Rg6 g4 1/2-1/2

[Event "Pardubice op rap 25th"]
[Site "Pardubice"]
[Date "2014.07.17"]
[Round "5"]
[White "Zverina, Jan"]
[Black "Pulpan, Jakub"]
[Result "0-1"]
[WhiteElo "1872"]
[BlackElo "2218"]
[PlyCount "54"]
[EventDate "2014.07.16"]
[EventType "swiss (rapid)"]
[EventRounds "9"]
[EventCountry "CZE"]
[SourceTitle "EXT 2015"]
[Source "ChessBase"]
[SourceDate "2014.11.20"]
[SourceVersion "1"]
[SourceVersionDate "2014.11.20"]
[SourceQuality "1"]

1. e4 c5 2. c3 d5 3. exd5 Qxd5 4. d4 Nc6 5. Nf3 Bf5 6. Na3 cxd4 7. cxd4 0-0-0 8. Bc4 Qe4+ 9. Be3 e5 10. 0-0 exd4 11. Ng5 dxe3 12. Qxd8+ Nxd8 13. Nxe4 Bxe4 14. fxe3 Bxa3 15. bxa3 Nf6 16. Rac1 Bc6 17. Bb5 Re8 18. Rfe1 Re5 19. Bxc6 Nxc6 20. h3 Re4 21. Rc3 Kd7 22. Rd1+ Ke7 23. Kf2 Nd7 24. Rb1 Nb6 25. Kf3 Ra4 26. g3 Ke6 27. Rb5 Ne5+ 0-1